000 00659nam a22001937a 4500
999 _c189883
_d189883
005 20220714114532.0
010 _aUR-11648
020 _a9789393785251
_c324.00
035 _aU-10203
037 _bDBAD/PUB
_a-
082 _a841
100 _aرضوان ند وی
245 _aدیوان غالب کا عروضی مطالعہ /
_cرضوان ند وی
_hا ر د و
246 _aDeewan-E-Ghalib ka Aroozi Mutalaa /
_bby Rizwan Nadvi
260 _aNew Delhi
_bEducational Publishing House
_c2022 ء
270 _aH.o. D1/16, Ansari Road, Daryaganj
_bNew Delhi
_e110002
300 _a560 ص
_c23cm(Hb)
942 _2ddc
_cUR
_h841
_mر ض و